Statystyki dla Wszystkie miasta San Marino

Kliknij tutaj aby rozwiązać quiz!

Ogólne statystyki

  • Ten quiz został rozwiązany 116 razy
  • Średni wynik to 2 z 9

Statystyki odpowiedzi

Miasto% Poprawnych
San Marino
99%
Serravalle
25%
Domagnano
15%
Chiesanuova
14%
Faetano
14%
Fiorentino
14%
Acquaviva
13%
Borgo Maggiore
12%
Montegiardino
12%

Rozkład punktacji

Percentyl według liczby udzielonych odpowiedzi

Procent ludzi z każdym wynikiem

Twoja historia wyników

Nie rozwiązałeś tego quizu